000 02419nam a22002777a 4500
001 1349
005 20250528095608.0
020 _a9789924340096
040 _aFISKH
_beng
_cFISKH
_dFISKH
082 _a371.91
100 _aGeystelen, Judit van
245 _aវីណិតខុសគេតែ... Vinith is different, yet... /
_cគំនិតផ្ដួចផ្ដើម និង​រៀបរៀងអត្ថបទ​ Project Initiative and Text Judit van Geystelen - រូបថត Photography Ung Nita - បកប្រែពីភាសាអង់គ្លេសដោយ អ៊ូច សូលីដា Translation from English by Ouch Solida
250 _aបោះពុម្ពលើកទី ៣ ខែមករា ឆ្នាំ ២០២១
260 _aPhnom Penh :
_bSipar,
_c2021.
300 _a31 pages :
_bcolor illustrations ;
_c19 x 25 cm
505 _aP
520 _aវីណិតជាក្មេងប្រុសអាយុ១១ឆ្នាំ ហើយរស់នៅក្នុងប្រទេសកម្ពុជា។ គេចូលចិត្តមើលទូរទស្សន៍ និងលេងហ្គេមក្នុងទូរស័ព្ទដៃរបស់ម៉ាក់គេណាស់។ នៅពេលប្អូនឃើញវីណិត គេដូចក្មេងប្រុសៗដ៏ទៃទៀត ដែលមានអាយុស្របាលៗគេដែរ។ បុន្តែមានអ្វីមួយដែលធ្វើឳ្យវីណិតខុសគេ ។ គេរស់នោជាមួយនឹងពិការភាពហើយគេពិបាកយល់នូវអ្វីៗដែលនៅជុំវិញគេណាស់។
520 _aVinith is 11 years old and lives in Cambodia. He likes to watch television and play games on the mobile phone of his mum! When you see Vinith he looks just like any other boy of his age. Yet, something is different about Vinith. Vinith lives with a disability, he finds it difficult to understand the world around him.
521 _a600
_bLexile estimate
521 _aP
_bRaz-Plus
650 _aខុសពីគេ
_vពិការភាព
_xពិបាក
650 _aDifferent
_vDisability
_xDifficult
700 _aNita, Ung
_cillustrator
700 _aSolida, Ouch
_cTranslator
942 _2ddc
_cBK
_n0
999 _c1349
_d1349